Notre Dame Football Roster 2025-26 - Statistics

General Stats
  • This quiz has been taken 105 times
  • The average score is 30 of 114
Answer Stats
Number Position Player % Correct
4 RB Jeremiyah Love
98%
13 QB CJ Carr
90%
0 WR Malachi Fields
88%
1 WR Jaden Greathouse
86%
24 RB Jadarian Price
71%
15 CB Leonard Moore
71%
6 CB Christian Gray
69%
0 CB DeVonta Smith
69%
9 TE Eli Raridon
69%
6 WR Jordan Faison
69%
11 WR KK Smith
69%
8 QB Kenny Minchey
67%
2 WR Will Pauling
67%
22 RB Aneyas Williams
63%
5 WR Cam Williams
63%
8 S Adon Shuler
61%
3 LB Jaylen Sneed
57%
95 DL Bryce Young
53%
21 RB Kedren Young
53%
9 S Tae Johnson
53%
54 OL Anthonie Knapp
49%
34 LB Drayk Bowen
47%
4 LB Jaiden Ausberry
43%
3 RB Gi'Bran Payne
41%
10 QB Tyler Buchner
41%
5 DL Boubacar Traore
39%
7 S Jalen Stroman
39%
14 CB Dallas Golden
37%
59 OL Aamil Wagner
35%
41 DL Donovan Hinish
35%
17 WR Elijah Burress
35%
27 LB Kyngstonn Viliamu-Asa
35%
7 TE Ty Washington
35%
12 QB Blake Hebert
33%
28 S Luke Talich
33%
74 OL Billy Schrauth
31%
56 OL Charles Jagusah
31%
88 TE James Flanigan
31%
14 WR Micah Gilbert
31%
98 K Noah Burnette
31%
16 QB Anthony Rezac
29%
20 CB Cree Thomas
29%
40 DL Joshua Burnham
29%
35 LB Teddy Rezac
29%
65 OL Will Black
29%
70 OL Ashton Craig
27%
87 TE Cooper Flanagan
27%
16 P James Rendell
27%
10 DL Loghan Thomas
27%
18 K Erik Schmidt
24%
76 OL Guerby Lambert
24%
47 CB Jason Onye
24%
15 WR Jerome Bettis Jr.
24%
23 RB Nolan James Jr.
24%
64 OL Joe Otting
22%
12 DL Jordan Botelho
22%
19 LB Madden Faraimo
22%
24 CB Mark Zackery IV
22%
93 DL Jared Dawson
18%
21 CB Karson Hobbs
18%
75 OL Sullivan Absher
18%
13 S Ben Minich
16%
49 CB Charles Du
16%
85 TE Jack Larsen
16%
19 WR Logan Saldate
16%
77 OL Peter Jones
16%
56 DL Elijah Hughes
14%
22 S Ethan Long
14%
32 CB Isaiah Dunn
14%
84 TE Kevin Bauman
14%
97 DL Gabriel Rubio
12%
44 DL Junior Tuihalamaka
12%
43 LB Kahanu Kia
12%
45 LB Ko'o Kia
12%
55 OL Chris Terek
10%
33 DL Christopher Burgess Jr.
10%
48 K Marcello Diomede
10%
48 CB Mickey Brown
10%
81 WR Scrap Richardson
10%
71 OL Styles Prescod
10%
49 LS Andrew Kros
8%
57 OL Cam Herron
8%
42 DL Cole Mullins
8%
11 S JaDon Blair
8%
26 RB Jake Tafelski
8%
33 WR Matt Jeffery
8%
25 LB Preston Zinter
8%
88 DE Armel Mukam
6%
29 S Brandon Logan
6%
17 DL Brenan Vernon
6%
32 TE Justin Fisher
6%
58 OL Matty Augustine
6%
78 OL Owen Strebig
6%
59 DL Sean Sevillano Jr.
6%
39 LB Anthony Sacca
4%
36 LB Bodie Kahoun
4%
18 CB Chance Tucker
4%
60 DL Davion Dixon
4%
25 RB Dylan Devezin
4%
31 S Taebron Bennie-Powell
4%
38 LB Tommy Powlus
4%
86 WR Alex Whitman
2%
52 OL Devan Houstan
2%
30 DL Dominik Hulak
2%
91 DL Gordy Sulfsted
2%
42 TE Henry Garrity
2%
46 LB Jerry Rullo
2%
94 DL Joe Reiff
2%
82 WR Leo Scheidler
2%
60 OL Max Anderson
2%
61 OL Robbie Wollan
2%
96 LS Joseph Vinci
0%
98 DL Kobi Onyiuke
0%
31 WR Xavier Southall
0%
No matching quizzes found
Score Distribution
Percent of People with Each Score
Percentile by Number Answered
Your Score History
You have not taken this quiz